000 00764nam a2200241Ia 4500
005 20260321110238.0
008 210716s2009 xx 000 0 und d
020 _a9788131714034
040 _cAIMIT LIBRARY
041 _aeng
082 _a658.4062
_21
_bAWAE
100 _aAwad, Elias M.
_938438
245 _aKnowledge management /
_cBy Ellias M. Awad and Hassan M. Ghaziri.
250 _a1st ed.
260 _aNew Delhi :
_bPearson ,
_c2007.
300 _axviii, 480p. ;
_c24 cm.
_bPB
650 _aKnowledge management systems cycle
_938439
650 _aKnowledge creation
_938440
650 _aknowledge architecture
_942259
650 _aKnowledge Management
_942260
700 _aGhaziri, Hassan M.
_938441
942 _2ddc
_cBK
_e1st
_k658.4062 AWAE
999 _c181649
_d181649